Pliny : Letters and Panegyricus

Αποθηκεύτηκε σε:
Λεπτομέρειες βιβλιογραφικής εγγραφής
Κύριος συγγραφέας: Pliny, the Younger
Άλλοι συγγραφείς: Radice, Betty (Μεταφραστής)
Μορφή: Βιβλίο
Γλώσσα:English
Latin
Δημοσίευση: Cambridge, Mass.; London, England : Harvard University Press, 1989-1992
Σειρά:Loeb classical library ; ; 55, 59
Θέματα:
Ετικέτες: Προσθήκη ετικέτας
Δεν υπάρχουν, Καταχωρήστε ετικέτα πρώτοι!

MARC

LEADER 00000nam a2200000 i 4500
001 1/68143
008 960619m19891992 eng d
020 |a 0-674-99066-8 (τ.2) 
020 |a 0-674-99061-7 (τ.1) 
035 |l 10030138 
040 |a GR-MY-UA  |b gre  |e aacr 
041 0 |a eng  |a lat 
082 0 |a 876.01  |2 (22) 
100 1 |a Pliny, the Younger. 
245 1 0 |a Pliny :  |b Letters and Panegyricus /  |c [Pliny, the Younger] ; μετάφραση; Betty Radice 
246 3 3 |a Pliny 
260 |a Cambridge, Mass.; London, England :   |b Harvard University Press,   |c 1989-1992 
300 |a 2τ. (586;564 σ.);  |c 17 εκ. 
490 1 |a Loeb classical library  |v ; 55, 59 
504 |a Περιλαμβάνει ευρετήριο 
600 1 0 |a Pliny, the Younger. 
600 1 0 |a Trojan, Emperor of Rome  |d 53-117. 
650 0 0 |a Latin letters  |x Translations into English. 
650 0 0 |a Authors, Latin  |x Correspondence. 
700 1 |a Radice, Betty.  |4 trl 
830 0 |a Loeb classical library ;  |v ; 55, 59 
852 |a INST  |b CHIOS  |e 19960620  |h 876.01 PLI  |p 005200007655  |q 005200007655  |t BK  |y 0  |z τ.2 
852 |a INST  |b CHIOS  |e 19960619  |h 876.01 PLI  |p 005200007675  |q 005200007675  |t BK  |y 0  |z τ.1 
852 |a INST  |b CHIOS  |e 19960620  |h 876.01 PLI  |p 005200007655  |q 005200007655  |t BK  |v τ.2:  |y 0  |z τ.2 
852 |a INST  |b CHIOS  |e 19960619  |h 876.01 PLI  |p 005200007675  |q 005200007675  |t BK  |v τ.1:  |y 0  |z τ.1 
853 |a INST  |b CHIOS  |h 876.01 PLI 
909 |a Χ  |b 031844 
909 |a Χ  |b 031965 
922 |a 2ΕΛΗ  |b 199311  |c ΦΡΑΓΚΟΜΙΧΑΛΟΣ  |d LEADER BOOKS